000 00531nam a2200229Ia 4500
003 OSt
005 20220912144337.0
006 a|||||r|||| 00| 0
007 ta
008 220909b |||||||| |||| 00| 0 eng d
020 _aSL0688817
024 _a196175
037 _cTextual
040 _aCSL
_beng
_cCSL
041 _aeng
082 _aY7:1, L83
100 _aSchusky E L
245 0 _aIntroducing Culture
700 _aSchusky E L
942 _hY7:1, L83
_cTEXL
_2CC
999 _c5543
_d5543